| 000 | 00815nam a2200265Ia 4500 | ||
|---|---|---|---|
| 003 | OSt | ||
| 005 | 20220924124502.0 | ||
| 006 | a|||||r|||| 00| 0 | ||
| 007 | ta | ||
| 008 | 220923b |||||||| |||| 00| 0 san d | ||
| 020 | _a9789386111661 (hbk) | ||
| 020 | _c80 | ||
| 024 | _a264645 | ||
| 037 |
_b112, 09/08/2012, Eastern Book Linkers _cTextual |
||
| 040 |
_aARTS _cARTS _bsan |
||
| 041 |
_2san _asan |
||
| 082 | _aO15,1M84x, Q0 | ||
| 100 |
_aTripathi Radhavallabh _925898 |
||
| 245 | 0 | _aMahavir Prasad Diwedi - kavitavali | |
| 260 |
_aNew Delhi _b Rashatriya Sanskrit Sansthanam India _c2010 |
||
| 300 |
_a40p. _ccm. |
||
| 650 | _aSANSKRIT LITERATURE | ||
| 942 |
_hO15,1M84x, Q0 _cTEXL _2CC |
||
| 999 |
_c419755 _d419755 |
||